Normal view
MARC view
- القرآن-جمع وتدوين
Entry Topical Term
001 - CONTROL NUMBER
- control field: 10155
003 - CONTROL NUMBER IDENTIFIER
- control field: JO-AjAnu
005 - DATE AND TIME OF LATEST TRANSACTION
- control field: 20230606071930.0
008 - FIXED-LENGTH DATA ELEMENTS
- fixed length control field: 230606|| aca||aabn | a|a d
040 ## - CATALOGING SOURCE
- Original cataloging agency: JO-AjAnu
- Transcribing agency: JO-AjAnu
150 ## - HEADING--TOPICAL TERM
- Topical term or geographic name entry element: القرآن-جمع وتدوين
670 ## - SOURCE DATA FOUND
- Source citation: Work cat.: (JO-AjAnu)5231: قبيسي،محمد, author 10154, تدوين القرآن الكريم الوثيقة الأولى في الإسلام